[Event "Reykjavik Open 2015"]
[Site "Reykjavik ISL"]
[Date "2015.03.12"]
[Round "4.48"]
[White "Loos, Roland"]
[Black "Babijczuk, Pawel"]
[Result "1-0"]
[WhiteElo "2337"]
[BlackElo "1950"]
[WhiteFideId "4643232"]
[BlackFideId "1129120"]
[EventDate "2015.03.10"]

1. e4 d6 2. d4 Nf6 3. Nc3 e5 4. Nf3 Nbd7 5. Bc4 Be7 6. O-O O-O 7. Re1 c6 8. a4
b6 9. d5 Bb7 10. b3 c5 11. a5 bxa5 12. Nd2 Nb6 13. Bd3 Rc8 14. Nb5 Nfd7 15. Qe2
a6 16. Nc3 Bg5 17. Nc4 Bxc1 18. Rexc1 Nxc4 19. Bxc4 Ra8 20. Ra2 Nb6 21. Bd3 Qc7
22. Na4 f5 23. Nxb6 Qxb6 24. Rca1 fxe4 25. Qxe4 g6 26. Bc4 Rf4 27. Qe3 Raf8 28.
c3 a4 29. Rxa4 Rxf2 30. b4 Qd8 31. bxc5 Qh4 32. c6 Qg4 33. Qg3 Qxg3 34. hxg3 Bc8
35. Bxa6 Bxa6 36. Rxa6 Rc2 37. Ra8 Rxc3 38. Rxf8+ Kxf8 39. Ra7 Ke8 40. Rd7 e4
41. Rxd6 e3 42. Kf1 Ke7 43. Rd7+ Ke8 44. Ke2 h5 45. Rg7 Rc5 46. c7 1-0

[Event "Reykjavik Open 2015"]
[Site "Reykjavik ISL"]
[Date "2015.03.12"]
[Round "4.49"]
[White "Risting, Eivind Olav"]
[Black "Rosner, Jonas"]
[Result "1/2-1/2"]
[BlackTitle "FM"]
[WhiteElo "2100"]
[BlackElo "2324"]
[WhiteFideId "1517333"]
[BlackFideId "24608513"]
[EventDate "2015.03.10"]

1. c4 c6 2. Nf3 d5 3. g3 Bg4 4. Bg2 e6 5. cxd5 Bxf3 6. Bxf3 cxd5 7. O-O Nc6 8.
d4 Nf6 9. Nc3 Be7 10. a3 O-O 11. e3 Na5 12. b4 Nc4 13. Qb3 Rc8 14. Rd1 Qc7 15.
Rd3 Rfd8 16. Bg2 b6 17. Bb2 Ne8 18. Rad1 Ned6 19. e4 dxe4 20. Nxe4 Nxe4 21. Bxe4
Bf6 22. Bg2 b5 23. h4 Qb6 24. Ba1 Nd6 25. Kh2 Rc4 26. Qa2 Qc7 27. d5 Rc2 28. Qb1
e5 29. R3d2 Rc8 30. Bb2 Qc4 31. Bf1 Qb3 32. Bd3 Rxd2 33. Bxh7+ Kh8 34. Rxd2 Nc4
35. Re2 Rd8 36. Be4 Nd6 37. Bxe5 Qxb1 38. Bxb1 Re8 39. f4 Nc4 40. Bd3 Nxe5 41.
fxe5 Bxe5 42. Bxb5 Re7 43. Kg2 g6 44. Bc6 Bd6 45. Rxe7 Bxe7 46. Kf3 f5 47. Ke3
Kg7 48. Kd4 Bd6 49. Bd7 Kf6 50. Bc8 Ke7 51. g4 fxg4 52. Bxg4 Kd8 53. Kc4 Kc7 54.
Kd4 Bg3 55. a4 Bxh4 56. Ke5 Be7 57. b5 Bb4 58. Ke6 g5 59. Bf3 Bc5 60. a5 g4 61.
Bxg4 Bb4 62. b6+ Kb7 63. bxa7 Bxa5 64. d6 Kxa7 65. Ke7 Bb4 66. Kd7 Bxd6 1/2-1/2

[Event "Reykjavik Open 2015"]
[Site "Reykjavik ISL"]
[Date "2015.03.12"]
[Round "4.50"]
[White "Bucher, Grant W"]
[Black "Gislason, Gudmundur"]
[Result "1-0"]
[BlackTitle "FM"]
[WhiteElo "2087"]
[BlackElo "2321"]
[WhiteFideId "413810"]
[BlackFideId "2300559"]
[EventDate "2015.03.10"]

1. e4 g6 2. d4 Bg7 3. Nc3 d6 4. f4 c6 5. Nf3 b5 6. Bd3 Bg4 7. e5 a6 8. h3 Bxf3
9. Qxf3 f5 10. Be3 e6 11. O-O-O d5 12. g4 Ne7 13. h4 Nd7 14. h5 Qa5 15. hxg6
hxg6 16. Rxh8+ Bxh8 17. Rh1 Bg7 18. gxf5 exf5 19. Rh7 Bf8 20. Kb1 Nb6 21. Qg2
O-O-O 22. Bf2 Kb8 23. Bh4 Nbc8 24. Bxe7 Nxe7 25. Qg5 Qc7 26. Qf6 Qd7 27. a4 b4
28. Na2 a5 29. Nc1 Qe8 30. Rf7 1-0

[Event "Reykjavik Open 2015"]
[Site "Reykjavik ISL"]
[Date "2015.03.12"]
[Round "4.51"]
[White "Stray, Gunnar"]
[Black "Antal, Tibor Kende"]
[Result "0-1"]
[BlackTitle "FM"]
[WhiteElo "2065"]
[BlackElo "2317"]
[WhiteFideId "1501631"]
[BlackFideId "738581"]
[EventDate "2015.03.10"]

1. d4 d5 2. Nf3 Nf6 3. g3 c5 4. c3 Nc6 5. Bg2 Bf5 6. O-O h6 7. Qa4 e6 8. Bf4 Bd6
9. Bxd6 Qxd6 10. Nbd2 O-O 11. Rac1 c4 12. Rfe1 b5 13. Qd1 Rfd8 14. Nh4 Bh7 15.
f4 Rab8 16. a3 a5 17. e4 dxe4 18. Nxe4 Nxe4 19. Bxe4 Bxe4 20. Rxe4 b4 21. axb4
axb4 22. Qe2 bxc3 23. bxc3 Qa3 24. Qe1 Ne7 25. Re2 Rb3 26. Ra1 Qd6 27. Nf3 Nd5
28. Rc2 Rdb8 29. Nd2 Ra3 30. Rxa3 Qxa3 31. Nxc4 Qa4 32. Rb2 Rc8 33. Nb6 Nxb6 34.
Rxb6 Qc4 35. Rb1 g6 36. Qe5 Qxc3 37. Rb8 Rxb8 38. Qxb8+ Kh7 39. Qe5 Qb2 40. Qf6
Kg8 41. Qe5 h5 42. h4 Qc2 43. Qe3 Kf8 44. Qa3+ Ke8 45. Qe3 Kd7 46. Qe5 Ke7 47.
Qe3 f6 48. Qa3+ Kd7 49. Qa7+ Kd6 50. Kf1 Kd5 51. Qd7+ Ke4 52. Qxe6+ Kf3 53. Qd5+
Kxg3 54. Ke1 Kxf4 55. Qd6+ Ke3 56. Qe6+ Kxd4 57. Qxf6+ Ke3 58. Qg5+ Kf3 59. Qf6+
Qf5 60. Qd8 Kg3 61. Ke2 Kh3 62. Ke3 Qe5+ 63. Kd2 Qf4+ 64. Ke2 Qxh4 65. Qd5 Qg3
66. Kf1 g5 67. Qe6+ g4 68. Qg6 Qf3+ 69. Ke1 h4 70. Qe6 Kh2 71. Qa2+ Kh1 72. Qc4
h3 73. Qe6 h2 0-1

[Event "Reykjavik Open 2015"]
[Site "Reykjavik ISL"]
[Date "2015.03.12"]
[Round "4.52"]
[White "Lux, Gregory"]
[Black "Hitzler, Philipp"]
[Result "1/2-1/2"]
[WhiteElo "2065"]
[BlackElo "2315"]
[WhiteFideId "619280"]
[BlackFideId "4658930"]
[EventDate "2015.03.10"]

1. e4 e5 2. Nf3 Nc6 3. Bb5 a6 4. Ba4 Nf6 5. O-O b5 6. Bb3 Bb7 7. d3 Be7 8. c3
O-O 9. a4 d6 10. Be3 Na5 11. Ba2 c5 12. Na3 Qd7 13. axb5 axb5 14. b4 cxb4 15.
cxb4 Nc6 16. Nxb5 Nxb4 17. Bc4 Rxa1 18. Qxa1 Nc2 19. Qc1 Nxe3 20. Qxe3 h6 21.
Qb6 Rc8 22. Nc3 Bd8 23. Qb3 Ra8 24. Rb1 Bc6 25. Bb5 Bxb5 26. Qxb5 Qxb5 27. Nxb5
Rb8 28. Nd2 d5 29. Nc3 Rxb1+ 30. Ndxb1 Kf8 31. f3 Ke7 32. Kf2 Ke6 33. Ke2 dxe4 1/2-1/2

[Event "Reykjavik Open 2015"]
[Site "Reykjavik ISL"]
[Date "2015.03.12"]
[Round "4.53"]
[White "Prieto, Alberto"]
[Black "Mihajlov, Sebastian"]
[Result "1-0"]
[BlackTitle "FM"]
[WhiteElo "2045"]
[BlackElo "2308"]
[WhiteFideId "2083426"]
[BlackFideId "1512110"]
[EventDate "2015.03.10"]

1. f4 d5 2. Nf3 Nf6 3. g3 c5 4. Bg2 g6 5. d3 Bg7 6. O-O O-O 7. h3 Nc6 8. Qe1 Re8
9. Qf2 Qd6 10. Nc3 d4 11. Ne4 Nxe4 12. dxe4 Nb4 13. e5 Qb6 14. Ne1 f6 15. exf6
exf6 16. e4 Bd7 17. c3 Na6 18. Nf3 Bb5 19. Re1 Rad8 20. a4 Bd3 21. a5 Qb5 22. e5
fxe5 23. fxe5 h6 24. h4 Kh8 25. Bf4 dxc3 26. bxc3 Nc7 27. Nh2 Ne6 28. Qe3 Nxf4
29. gxf4 Qc4 30. Ng4 Rf8 31. Nf2 Rxf4 32. Rad1 Rxf2 33. Qxf2 Qxc3 34. Rc1 Qxa5
35. Qxc5 Qa6 36. Ra1 Qc4 37. Qxc4 Bxc4 38. Bxb7 Rd7 39. Bf3 Rc7 40. Ra5 Be6 41.
Kg2 h5 42. Rb1 Bf5 43. Rb8+ Kh7 44. Rb7 Rxb7 45. Bxb7 Bf8 46. Bf3 Kh6 47. Kg3
Bb4 48. Rxa7 Be1+ 49. Kg2 Bxh4 50. Bd5 Kg5 51. e6 Kf6 52. e7 1-0

[Event "Reykjavik Open 2015"]
[Site "Reykjavik ISL"]
[Date "2015.03.12"]
[Round "4.54"]
[White "Haldorsen, Benjamin"]
[Black "Heimisson, Hilmir Freyr"]
[Result "1-0"]
[WhiteElo "2307"]
[BlackElo "1861"]
[WhiteFideId "1512633"]
[BlackFideId "2309998"]
[EventDate "2015.03.10"]

1. e4 e6 2. d4 d5 3. Nc3 Bb4 4. Ne2 dxe4 5. a3 Bxc3+ 6. Nxc3 Nc6 7. Bb5 Ne7 8.
Be3 O-O 9. Qd2 a6 10. Bxc6 Nxc6 11. Nxe4 e5 12. d5 Nd4 13. Nc3 Bf5 14. Rc1 Qf6
15. O-O Rad8 16. f3 h6 17. f4 c5 18. fxe5 Qxe5 19. Bf4 Qf6 20. Bc7 Rd7 21. d6
Qh4 22. Nd5 Re8 23. Rce1 Be6 24. Nb6 Red8 25. Nxd7 Rxd7 26. a4 b5 27. Re5 Bc4
28. Rf4 Nf3+ 29. Rxf3 Qg4 30. Qf4 Qg6 31. Qf5 1-0

[Event "Reykjavik Open 2015"]
[Site "Reykjavik ISL"]
[Date "2015.03.12"]
[Round "4.55"]
[White "Maisuradze, Nino"]
[Black "Simpson, Ben"]
[Result "1/2-1/2"]
[WhiteTitle "WGM"]
[WhiteElo "2302"]
[BlackElo "1843"]
[WhiteFideId "13601717"]
[BlackFideId "444405"]
[EventDate "2015.03.10"]

1. d4 Nf6 2. c4 g6 3. Nc3 d5 4. Bf4 c6 5. e3 Bg7 6. h3 Qa5 7. Qd2 dxc4 8. Bxc4
O-O 9. a3 b5 10. Bd3 Na6 11. Rc1 b4 12. Na2 Nd5 13. Bg3 c5 14. Bxa6 Qxa6 15.
Rxc5 Bb7 16. Nf3 bxa3 17. bxa3 Qxa3 18. O-O Nf6 19. Nc3 Rfc8 20. Bc7 Bxf3 21.
gxf3 Nd7 22. Ra5 Qb4 23. Rb1 Qc4 24. Nd5 Rxc7 25. Nxc7 Qxc7 26. Qa2 e6 27. Ra1
Nb6 28. Rxa7 Rxa7 29. Qxa7 Qxa7 30. Rxa7 Bf6 31. Ra6 Nd5 32. e4 Nf4 33. d5 Nxh3+
34. Kh2 Ng5 35. d6 e5 36. Ra8+ Kg7 37. d7 Ne6 38. Re8 Kh6 39. Kg3 Kg5 40. Rc8 h5
41. Kh3 Bd8 42. Rb8 Kf6 43. Rb5 Bc7 44. Kh2 Ke7 45. Rd5 f6 46. Rd2 Bd6 47. Ra2
Kxd7 48. Ra7+ Bc7 49. Kg3 Nf4 50. Ra6 Bd6 51. Ra7+ Ke6 52. Ra6 g5 53. Rb6 Ne2+
54. Kg2 Nd4 55. Rb7 Be7 56. Rb6+ Kf7 57. Rb7 Ne6 58. Kg3 Nf4 59. Ra7 Ng6 60. Ra6
h4+ 61. Kg4 Bc5 62. Ra2 Nf4 63. Rc2 Bd4 64. Rc7+ Kg6 65. Rc6 Nd3 66. Kh3 Nxf2+
67. Kg2 Nd3 68. Kh3 Nc5 69. Kg4 Nb7 70. Kh3 Nd8 71. Rc8 Nf7 72. Kg4 Nh6+ 73. Kh3
f5 74. Rc6+ Kh5 75. exf5 Nxf5 76. Rc8 Nh6 77. Re8 g4+ 78. fxg4+ Kg5 79. Re7 Bb2
80. Rg7+ Kf6 81. Rb7 Bd4 82. Kxh4 Nxg4 83. Kxg4 Ke6 84. Rb5 Kd6 85. Rb8 Ke6 86.
Kf3 Kd5 87. Rd8+ Kc4 88. Ke4 Kc5 89. Rc8+ Kd6 90. Rc2 Ba1 91. Ra2 Bd4 92. Ra5
Kc6 93. Kd3 Kd6 94. Kc4 Ke6 95. Ra6+ Kf5 96. Kd5 Kf4 97. Rf6+ Ke3 98. Rh6 Kf4
99. Rh4+ Ke3 100. Kc4 Kf3 101. Kd3 Kg3 102. Rh7 Kf4 103. Rf7+ Kg5 104. Ke4 Kg6
105. Rf5 Ba1 106. Rf8 Bd4 107. Kf3 Kg7 108. Rf5 Kg6 109. Kg4 Bb2 110. Rf8 Bd4
111. Rf3 Bb2 112. Rb3 Bd4 113. Ra3 Kf6 114. Ra6+ Ke7 115. Kf5 Kd7 116. Ke4 Kc7
117. Kd5 Kd7 118. Re6 Kc7 119. Rd6 Ba1 120. Rc6+ Kd7 121. Rb6 Ke7 122. Rh6 Bd4
123. Re6+ Kd7 124. Rf6 Ke7 125. Rf1 Bc3 126. Rc1 Bd4 127. Rc7+ Kf6 128. Ke4 Kg5
129. Rf7 Kg6 130. Rf8 Kg5 131. Rf7 Kg6 132. Rf5 Kg7 133. Kf3 Kg6 134. Kg4 Kg7 1/2-1/2

[Event "Reykjavik Open 2015"]
[Site "Reykjavik ISL"]
[Date "2015.03.12"]
[Round "4.56"]
[White "Strand, Kjetil"]
[Black "Tjomsland, Stig"]
[Result "0-1"]
[BlackTitle "FM"]
[WhiteElo "2037"]
[BlackElo "2300"]
[WhiteFideId "1503111"]
[BlackFideId "1501704"]
[EventDate "2015.03.10"]

1. e4 e5 2. Nf3 Nc6 3. d4 exd4 4. Bc4 Nf6 5. O-O d6 6. Nxd4 Be7 7. Nc3 O-O 8. h3
Ne5 9. Be2 Re8 10. f4 Ned7 11. Bf3 Bf8 12. Re1 c6 13. Nb3 a5 14. a4 Qc7 15. Be3
b6 16. Qd2 Ba6 17. Rad1 Nc5 18. Nxc5 bxc5 19. Qf2 Rab8 20. b3 c4 21. bxc4 Bxc4
22. Bd4 Nd7 23. Qg3 c5 24. Be3 Rb2 25. Rd2 Nb6 26. Red1 d5 27. Rb1 Rxb1+ 28.
Nxb1 d4 29. Bf2 Nxa4 30. e5 Ba6 31. Bd5 Nb6 32. Ba2 Bc4 33. Qa3 Qc6 34. Rd1 Bxa2
35. Qxa2 Nd5 36. g3 Ne3 37. Bxe3 Qf3 38. Rd3 Qxg3+ 39. Kf1 dxe3 40. c4 Qxh3+ 41.
Qg2 e2+ 0-1

[Event "Reykjavik Open 2015"]
[Site "Reykjavik ISL"]
[Date "2015.03.12"]
[Round "4.57"]
[White "Valdimarsson, Einar"]
[Black "Wahlbom, Magnus"]
[Result "1-0"]
[WhiteElo "1889"]
[BlackElo "2278"]
[WhiteFideId "2304813"]
[BlackFideId "1700685"]
[EventDate "2015.03.10"]

1. e4 c5 2. Nc3 e6 3. f4 a6 4. Nf3 Nc6 5. Bd3 Qc7 6. e5 d6 7. Be4 dxe5 8. Bxc6+
Qxc6 9. fxe5 Ne7 10. O-O Nf5 11. d3 h5 12. Ne4 b6 13. Bg5 Bb7 14. Nh4 Bc8 15.
Qf3 Qb7 16. c3 Ra7 17. Rae1 Nxh4 18. Bxh4 Qd7 19. Qf4 Bb7 20. Ng5 Bc8 21. Kh1
Rh6 22. d4 Qc7 23. dxc5 Bxc5 24. Rd1 f5 25. Ne4 Kf7 26. b4 Bf8 27. Rd8 Bb7 28.
Ng5+ Kg8 29. Nxe6 Rxe6 30. Qxf5 1-0

[Event "Reykjavik Open 2015"]
[Site "Reykjavik ISL"]
[Date "2015.03.12"]
[Round "4.58"]
[White "Wege, Jochen"]
[Black "Jonsson, Pall G"]
[Result "1-0"]
[WhiteTitle "FM"]
[WhiteElo "2277"]
[BlackElo "1833"]
[WhiteFideId "4620488"]
[BlackFideId "2303205"]
[EventDate "2015.03.10"]

1. e4 g6 2. d4 Bg7 3. Nc3 d6 4. f4 Nf6 5. Nf3 O-O 6. Bd3 c6 7. a4 a5 8. O-O Na6
9. e5 dxe5 10. dxe5 Ng4 11. Qe2 Be6 12. Ng5 Bc8 13. Bc4 h6 14. Nxf7 Qd4+ 15. Kh1
e6 16. Nd6 Nxe5 17. fxe5 Bxe5 18. Rxf8+ Kxf8 19. Bxh6+ Bg7 20. Qf3+ Ke7 21. Qf7+
Kxd6 22. Bxg7 Qxc4 23. Bf8+ Ke5 24. Re1+ 1-0

[Event "Reykjavik Open 2015"]
[Site "Reykjavik ISL"]
[Date "2015.03.12"]
[Round "4.60"]
[White "Hamitevici, Vladimir"]
[Black "Lunn, Matthew"]
[Result "1-0"]
[WhiteTitle "IM"]
[WhiteElo "2450"]
[BlackElo "2034"]
[WhiteFideId "13902393"]
[BlackFideId "405485"]
[EventDate "2015.03.10"]

1. d4 Nf6 2. c4 g6 3. Nc3 Bg7 4. Bf4 O-O 5. e3 d6 6. h3 Nbd7 7. Nf3 c6 8. Be2
Qe8 9. O-O e5 10. Bh2 Qe7 11. b4 Rd8 12. Re1 Nf8 13. Qb3 e4 14. Nd2 d5 15. c5 g5
16. Qd1 Qe6 17. b5 Ng6 18. a4 Nh4 19. a5 h5 20. a6 g4 21. axb7 Bxb7 22. bxc6
Bxc6 23. hxg4 Nxg4 24. Ra6 Nxh2 25. Kxh2 Qc8 26. Rh1 Bb7 27. Ra2 Qf5 28. Kg1 Qg5
29. g3 Nf5 30. Rxh5 Qg6 31. Nf1 a5 32. Qa1 Bh6 33. Rh2 a4 34. Nxa4 Ng7 35. Nb6
Rxa2 36. Qxa2 f5 37. Qa7 Bc6 38. Qc7 Rf8 39. Nc8 Bg5 40. Nd6 Ba4 41. Qb7 1-0

[Event "Reykjavik Open 2015"]
[Site "Reykjavik ISL"]
[Date "2015.03.12"]
[Round "4.61"]
[White "Runarsson, Gunnar"]
[Black "Foisor, Cristina-Adela"]
[Result "0-1"]
[BlackTitle "IM"]
[WhiteElo "2049"]
[BlackElo "2394"]
[WhiteFideId "2301768"]
[BlackFideId "1200496"]
[EventDate "2015.03.10"]

1. e4 c5 2. Nf3 Nc6 3. d4 cxd4 4. Nxd4 g6 5. Nc3 Bg7 6. Be3 Nf6 7. Be2 O-O 8.
O-O d6 9. Nb3 Be6 10. f4 Qc8 11. h3 Rb8 12. Bd3 a6 13. Qf3 b5 14. g4 Nd7 15. e5
dxe5 16. f5 Bc4 17. Ne4 Nd4 18. Nxd4 exd4 19. Bf4 Rb6 20. Qg3 Rc6 21. fxg6 fxg6
22. Ng5 h6 23. Ne4 Nf6 24. Nxf6+ Rcxf6 25. g5 hxg5 26. Bxg5 Rxf1+ 27. Rxf1 Rxf1+
28. Kxf1 Qf5+ 29. Kg1 Bxd3 30. cxd3 e5 31. h4 Kh7 32. Kg2 e4 33. dxe4 Qxe4+ 34.
Qf3 Qc2+ 35. Qf2 d3 36. b3 Bd4 37. Qd2 Bc3 38. Qf2 Be1 39. Qxc2 dxc2 40. Kf3
Bxh4 41. Bc1 Bf6 42. Ke2 Bg7 43. Kd3 Bh6 44. Kxc2 Bxc1 45. Kxc1 g5 46. Kd2 Kg6
47. a4 Kf5 48. Kc3 Ke4 49. axb5 axb5 50. Kb4 g4 51. Kxb5 g3 52. Kc6 g2 53. b4
g1=Q 0-1

[Event "Reykjavik Open 2015"]
[Site "Reykjavik ISL"]
[Date "2015.03.12"]
[Round "4.62"]
[White "Haug, Johannes"]
[Black "Sandberg, Martin"]
[Result "1-0"]
[WhiteTitle "FM"]
[WhiteElo "2339"]
[BlackElo "1889"]
[WhiteFideId "1509268"]
[BlackFideId "1707159"]
[EventDate "2015.03.10"]

1. e4 c5 2. Nf3 d6 3. Bb5+ Nd7 4. d4 cxd4 5. Qxd4 a6 6. Bxd7+ Bxd7 7. c4 Nf6 8.
Bg5 e6 9. Nc3 Be7 10. Bxf6 Bxf6 11. Qxd6 Bxc3+ 12. bxc3 Bc6 13. Qxd8+ Rxd8 14.
Nd2 Rd3 15. Rc1 Ke7 16. Nb3 Rhd8 17. f3 e5 18. Ke2 R3d7 19. Rb1 Ba4 20. Rb2 Rc8
21. Na5 Rc5 22. Nb3 Rxc4 23. Rc1 Bxb3 24. axb3 Rc6 25. Rd2 Rdc7 26. c4 f6 27.
Rd5 Rc5 28. Rcd1 b5 29. cxb5 axb5 30. b4 Rxd5 31. Rxd5 Rb7 32. Ke3 Ke6 33. f4 g6
34. g4 h5 35. f5+ Kf7 36. gxh5 gxh5 37. Kf3 Kg7 38. Kg3 Rc7 39. Rxb5 Rc4 40.
Rb7+ Kf8 41. Kh4 Rxe4+ 42. Kxh5 Re2 43. Kg6 Rxh2 44. Kxf6 Ke8 45. Re7+ Kd8 46.
Rxe5 Rb2 47. b5 Kd7 48. Rd5+ Ke8 49. Ke6 1-0

[Event "Reykjavik Open 2015"]
[Site "Reykjavik ISL"]
[Date "2015.03.12"]
[Round "4.63"]
[White "Ni, Shiqun"]
[Black "Ingason, Sigurdur"]
[Result "1-0"]
[WhiteTitle "WIM"]
[WhiteElo "2315"]
[BlackElo "1880"]
[WhiteFideId "8608466"]
[BlackFideId "2301709"]
[EventDate "2015.03.10"]

1. e4 e5 2. Bc4 Nf6 3. d3 Nc6 4. Nf3 Be7 5. O-O d6 6. a4 Bg4 7. h3 Bh5 8. c3 Qd7
9. Kh1 h6 10. Nbd2 a6 11. a5 Nh7 12. Qb3 O-O 13. Re1 Ng5 14. Ng1 Rab8 15. Nf1
Ne6 16. Ne3 Bg6 17. Qd1 Ng5 18. h4 Ne6 19. g3 Kh8 20. Qf3 Ncd8 21. Nf5 f6 22.
Qg4 Bf7 23. d4 h5 24. Qf3 Bg6 25. d5 Nc5 26. b4 Nxe4 27. Nxe7 Qxe7 28. Rxe4 Bxe4
29. Qxe4 f5 30. Qe2 Qf7 31. Nf3 Re8 32. Ng5 Qg6 33. Bb3 Re7 34. Bd1 Nf7 35.
Qxh5+ Qxh5 36. Bxh5 Nh6 37. Bd2 f4 38. gxf4 Rf8 39. Re1 Nf5 40. fxe5 dxe5 41.
Ne6 Rc8 42. Rxe5 1-0

[Event "Reykjavik Open 2015"]
[Site "Reykjavik ISL"]
[Date "2015.03.12"]
[Round "4.64"]
[White "Benet Morant, Damia"]
[Black "Mamedjarova, Zeinab"]
[Result "0-1"]
[BlackTitle "WGM"]
[WhiteElo "2044"]
[BlackElo "2303"]
[WhiteFideId "2291959"]
[BlackFideId "13401521"]
[EventDate "2015.03.10"]

1. d4 d5 2. c4 dxc4 3. e3 Nf6 4. Bxc4 g6 5. Nf3 Bg7 6. Nc3 O-O 7. O-O Ne8 8. h3
Nd6 9. Bd3 Nc6 10. a3 e5 11. d5 Ne7 12. e4 f5 13. Ng5 f4 14. Be2 h6 15. Nf3 Kh7
16. Qc2 Bd7 17. Rd1 Ng8 18. b4 g5 19. Nh2 Nf6 20. Ng4 Ng8 21. Nh2 Qe8 22. Bg4 h5
23. Bxd7 Qxd7 24. f3 Nh6 25. Na4 b6 26. Qc6 Qe7 27. Kf1 Rad8 28. Bd2 Rf6 29.
Rac1 Rd7 30. Qc3 Rg6 31. Qd3 Ne8 32. b5 Nf6 33. Bb4 Qd8 34. Nb2 g4 35. Nc4 g3
36. Ng4 Nfxg4 37. hxg4 hxg4 38. Ke2 Qg5 39. Rh1 Kg8 40. d6 cxd6 41. Nxd6 gxf3+
42. gxf3 g2 43. Qc4+ Kh7 44. Rhg1 Bf8 45. Qc6 Qd8 46. Nb7 Rxc6 47. bxc6 Rxb7 48.
Rcd1 Rb8 49. Rxd8 Rxd8 50. c7 Rc8 51. Bxf8 Rxf8 52. Rc1 Rc8 53. Kf2 Nf7 54. Kxg2
Kg7 55. Kh3 Kf6 56. Kg4 Nd6 57. Rd1 Ke6 58. Rc1 Rg8+ 59. Kh5 Kd7 0-1

[Event "Reykjavik Open 2015"]
[Site "Reykjavik ISL"]
[Date "2015.03.12"]
[Round "4.65"]
[White "Martinez Lopez, Jaime"]
[Black "Wahedi, Ahmad Siar"]
[Result "1/2-1/2"]
[BlackTitle "FM"]
[WhiteElo "2044"]
[BlackElo "2287"]
[WhiteFideId "2211254"]
[BlackFideId "4651260"]
[EventDate "2015.03.10"]

1. d4 Nf6 2. Bg5 d5 3. Bxf6 exf6 4. e3 g6 5. g3 Bg7 6. Bg2 c6 7. Ne2 Nd7 8. b3
f5 9. c4 dxc4 10. bxc4 c5 11. Nbc3 O-O 12. Qb3 Rb8 13. O-O Re8 14. Rfd1 cxd4 15.
Nxd4 Qa5 16. Rac1 a6 17. Na4 Nc5 18. Nxc5 Qxc5 19. Qa4 Re7 20. Nb3 Qc7 21. c5
Bd7 22. c6 bxc6 23. Qxa6 Rb6 24. Qd3 Bf8 25. Nc5 Be8 26. a4 Qa7 27. Qc4 Re5 28.
Nb3 c5 29. a5 Rb4 30. Qc3 Qb8 31. f4 Re7 32. Nxc5 Rc7 33. Na6 Rxc3 34. Nxb8 Rxc1
35. Rxc1 Rxb8 36. a6 Ba3 37. Rc3 Rb1+ 38. Kf2 Rb2+ 39. Kg1 Ra2 40. Rc8 Bf8 41.
Rxe8 Rxa6 42. Bd5 Kg7 43. Kg2 Rd6 44. e4 fxe4 45. Bxe4 Rd2+ 46. Kh3 h5 47. Rc8
f5 48. Rc2 Rd7 49. Bf3 Rd3 50. Kg2 h4 51. Bc6 Bd6 52. Bf3 Bb8 53. Rb2 h3+ 54.
Kxh3 Bxf4 55. Kg2 Bd6 56. Rc2 g5 57. Bc6 Be5 58. Bb7 Ra3 59. Bc6 Kf6 60. Bd5 Rc3
61. Ra2 1/2-1/2

[Event "Reykjavik Open 2015"]
[Site "Reykjavik ISL"]
[Date "2015.03.12"]
[Round "4.66"]
[White "Jonsson, Gauti Pall"]
[Black "Karason, Askell O"]
[Result "0-1"]
[WhiteElo "1968"]
[BlackElo "2274"]
[WhiteFideId "2309092"]
[BlackFideId "2300567"]
[EventDate "2015.03.10"]

1. e4 c5 2. Nf3 e6 3. d4 cxd4 4. Nxd4 Qb6 5. Nb3 Qc7 6. Nc3 a6 7. g3 b5 8. Bg2
Bb7 9. O-O d6 10. a3 Nd7 11. f4 Ngf6 12. Qe2 Rc8 13. Be3 Qb8 14. Bf2 Be7 15.
Rad1 Ba8 16. g4 h5 17. g5 Ng4 18. Be1 Qb6+ 19. Kh1 Qe3 20. Qd3 e5 21. Rf3 Qxd3
22. cxd3 exf4 23. h4 Ne3 24. Rd2 f6 25. gxf6 Bxf6 26. Nc1 Bxc3 27. bxc3 Rxc3 28.
Ne2 Rxa3 29. Nxf4 Nxg2 30. Kxg2 Ne5 31. Rg3 O-O 32. Ne6 Nxd3 33. Nxf8 Bxe4+ 34.
Kf1 Kxf8 35. Rc2 Ra1 36. Rc8+ Kf7 37. Rc7+ Kf6 38. Rxd3 Bxd3+ 39. Kf2 Ra2+ 40.
Kf3 g6 41. Bc3+ Ke6 0-1

[Event "Reykjavik Open 2015"]
[Site "Reykjavik ISL"]
[Date "2015.03.12"]
[Round "4.67"]
[White "Petersson, Baldur Teodor"]
[Black "Haugli, Petter"]
[Result "1/2-1/2"]
[BlackTitle "IM"]
[WhiteElo "1951"]
[BlackElo "2247"]
[WhiteFideId "2309157"]
[BlackFideId "1500104"]
[EventDate "2015.03.10"]

1. e4 c5 2. Nc3 e6 3. g3 Nc6 4. f4 d5 5. e5 Nge7 6. Nf3 Nf5 7. Bg2 Be7 8. O-O
O-O 9. d3 Rb8 10. Qe2 b5 11. Qf2 Qb6 12. Ne2 Nfd4 13. Nexd4 cxd4 14. Bd2 Bd7 15.
Rfc1 Rfc8 16. c3 dxc3 17. Bxc3 Qxf2+ 18. Kxf2 Bc5+ 19. d4 Bb6 20. a3 Rc7 21. Bf1
a6 22. Ke3 Rbc8 23. Bd3 f6 24. Bd2 Be8 25. h3 Bg6 26. Bxg6 hxg6 27. Rc3 a5 28.
b4 axb4 29. axb4 Nxd4 30. Rxc7 Rxc7 31. Ra6 Nf5+ 32. Kd3 Rb7 33. g4 Ne7 34. Be3
Bxe3 35. Kxe3 Rc7 36. Rxe6 Rc3+ 37. Ke2 Kf7 38. Rb6 Nc6 39. Rxb5 Rc4 40. Rxd5
Rxb4 41. Rd7+ 1/2-1/2

[Event "Reykjavik Open 2015"]
[Site "Reykjavik ISL"]
[Date "2015.03.12"]
[Round "4.68"]
[White "Andersen, Niels Erik"]
[Black "Barthel, Ansgar"]
[Result "0-1"]
[WhiteElo "1900"]
[BlackElo "2230"]
[WhiteFideId "1406507"]
[BlackFideId "4643461"]
[EventDate "2015.03.10"]

1. d4 Nf6 2. c4 g6 3. Nc3 Bg7 4. e4 d6 5. f3 O-O 6. Be3 Nbd7 7. Nge2 a6 8. a4 e5
9. d5 a5 10. Nc1 Nc5 11. Nd3 Nfd7 12. Nf2 f5 13. Qc2 Nf6 14. Be2 Bd7 15. O-O-O
Rf7 16. g4 Qe7 17. gxf5 gxf5 18. Bg5 Qf8 19. Rdg1 Kh8 20. h4 Nh5 21. Be3 Bh6 22.
Bg5 c6 23. Kb1 cxd5 24. exd5 Bg7 25. Bc1 Re8 26. Qd1 Nf4 27. Re1 Nxe2 28. Rxe2
e4 29. Nb5 Bxb5 30. axb5 Rfe7 31. Bg5 Bf6 32. fxe4 Nxe4 33. Nxe4 Rxe4 34. Rf2
Bd4 35. Rg2 Bg7 36. Rf1 Rxc4 37. Rgf2 Re5 38. Qd3 Rb4 39. b3 a4 40. Rb2 Ree4 41.
Qd2 a3 42. Rc2 Rxb3+ 43. Kc1 Reb4 44. Qf2 Rb1+ 45. Kd2 a2 0-1

[Event "Reykjavik Open 2015"]
[Site "Reykjavik ISL"]
[Date "2015.03.12"]
[Round "4.69"]
[White "Olafsson, Thorvardur"]
[Black "Machado, Eduardo Ribeiro"]
[Result "1-0"]
[WhiteElo "2230"]
[BlackElo "1818"]
[WhiteFideId "2301148"]
[BlackFideId "2140608"]
[EventDate "2015.03.10"]

1. e4 c6 2. d4 d5 3. Nc3 dxe4 4. Nxe4 Bf5 5. Ng3 Bg6 6. h4 h6 7. Nf3 Nd7 8. h5
Bh7 9. Bd3 Bxd3 10. Qxd3 e6 11. Bd2 Ngf6 12. O-O-O Be7 13. Kb1 O-O 14. Ne4 Nxe4
15. Qxe4 Nf6 16. Qe2 Qd5 17. Be3 Ng4 18. Bc1 Rfd8 19. Ne5 Nxe5 20. dxe5 Qb5 21.
Qxb5 cxb5 22. c3 Kf8 23. Kc2 Ke8 24. b3 Rxd1 25. Rxd1 Rc8 26. Rd3 b4 27. Bd2 b5
28. Rg3 bxc3 29. Rxc3 Rxc3+ 30. Kxc3 Bc5 31. Be3 Bxe3 32. fxe3 Kd7 33. Kb4 Kc6
34. Ka5 f6 35. b4 fxe5 36. e4 Kb7 37. Kxb5 a6+ 38. Kc5 Kc7 39. a4 1-0